[Event "Young England v Polgars 30m"]
[Site "London, Barbican"]
[Date "1989.11.12"]
[Round "1"]
[White "Conquest, Stuart C"]
[Black "Polgar, Sofia"]
[Result "1-0"]
[WhiteElo "2515"]
[BlackElo "2335"]
[PlyCount "81"]
[EventDate "1989.11.13"]
[EventType "team-schev (rapid)"]
[EventRounds "6"]
[EventCountry "ENG"]
[SourceTitle "BritBase"]
[Source "John Saunders"]
[SourceDate "2025.07.03"]
[SourceVersion "1"]
[SourceVersionDate "2025.07.03"]
[SourceQuality "1"]

1. d4 Nf6 2. Nf3 g6 3. c4 c5 4. Nc3 cxd4 5. Nxd4 Nc6 6. e4 Nxd4 7. Qxd4 d6 8. Be2 Bg7 9. O-O O-O 10. Bg5 h6 11. Bd2 Be6 12. Qd3 a6 13. Rac1 Rc8 14. b3 Nd7 15. Nd5 f5 16. Nf4 Nc5 17. Qh3 Bd7 18. Nxg6 Rf6 19. Nf4 Nxe4 20. Be3 e5 21. Nd5 Rg6 22. f4 Nf6 23. Nb6 Bc6 24. g3 Ng4 25. Bxg4 Rxg4 26. fxe5 dxe5 27. Rcd1 Qf8 28. Nxc8 Qxc8 29. Bb6 Kh7 30. Qh5 Rg5 31. Qf7 Be8 32. Qe7 Qc6 33. Rd6 Qe4 34. Qxe8 f4 35. Rd8 fxg3 36. Qg8+ Kg6 37. h4 Qe2 38. Rd6+ Kh5 39. Qe8+ Kxh4 40. Rd4+ Rg4 41. Bd8+ {Source: BCF Newsletter, Bonus Supplement, Mid-November 1989. Contributed by Andy Ansel, 13 September 2025.} 1-0

[Event "Young England v Polgars 30m"]
[Site "London, Barbican"]
[Date "1989.11.12"]
[Round "1"]
[White "Norwood, David"]
[Black "Polgar, Judit"]
[Result "0-1"]
[WhiteElo "2485"]
[BlackElo "2555"]
[PlyCount "70"]
[EventDate "1989.11.13"]
[EventType "team-schev (rapid)"]
[EventRounds "6"]
[EventCountry "ENG"]
[SourceTitle "BritBase"]
[Source "John Saunders"]
[SourceDate "2025.07.03"]
[SourceVersion "1"]
[SourceVersionDate "2025.07.03"]
[SourceQuality "1"]

1. g3 c5 2. Bg2 Nc6 3. c4 g6 4. Nc3 Bg7 5. e3 e5 6. Nge2 Nge7 7. d3 O-O 8. O-O d6 9. Rb1 Be6 10. Nd5 Rb8 11. Nec3 a6 12. Qa4 b5 13. Nxe7+ Qxe7 14. Qd1 Qd7 15. b3 Ne7 16. Bb2 d5 17. cxd5 Nxd5 18. Ne4 Rfc8 19. d4 exd4 20. exd4 c4 21. Nc5 Qd6 22. Rc1 c3 23. Bxc3 Nxc3 24. Rxc3 Qxd4 25. Nxe6 Qxc3 26. Nf4 Qb2 27. Nd5 Re8 28. Nb4 Rbd8 29. Qf3 Qc3 30. Nxa6 b4 31. Qb7 Bf8 32. Bd5 Re7 33. Qb5 Re5 34. Rd1 Rdxd5 35. Rxd5 Qe1+ {Sources: BCM, January 1990, pp21; BCF Newsletter, Bonus Supplement, Mid-November 1989. Contributed by Andy Ansel, 13 September 2025.} 0-1

[Event "Young England v Polgars 30m"]
[Site "London, Barbican"]
[Date "1989.11.12"]
[Round "1"]
[White "Polgar, Zsusza"]
[Black "Adams, Michael"]
[Result "1/2-1/2"]
[WhiteElo "2520"]
[BlackElo "2505"]
[PlyCount "47"]
[EventDate "1989.11.13"]
[EventType "team-schev (rapid)"]
[EventRounds "6"]
[EventCountry "ENG"]
[SourceTitle "BritBase"]
[Source "John Saunders"]
[SourceDate "2025.07.03"]
[SourceVersion "1"]
[SourceVersionDate "2025.07.03"]
[SourceQuality "1"]

1. d4 Nf6 2. Nf3 e6 3. e3 c5 4. Bd3 b6 5. c4 Bb7 6. O-O Be7 7. Nc3 cxd4 8. exd4 O-O 9. d5 Na6 10. Bf4 d6 11. Bg3 Nc7 12. dxe6 Nxe6 13. Nd5 Nxd5 14. cxd5 Nc7 15. Re1 Bf6 16. Rc1 Re8 17. Rxe8+ Nxe8 18. Bb5 Rc8 19. Rxc8 Qxc8 20. Qe1 Nc7 21. Bc6 h6 22. Bxd6 Bxc6 23. dxc6 Ne8 24. Be5 {Source: BCF Newsletter, Bonus Supplement, Mid-November 1989. Contributed by Andy Ansel, 13 September 2025.} 1/2-1/2

[Event "Young England v Polgars 30m"]
[Site "London, Barbican"]
[Date "1989.11.12"]
[Round "2"]
[White "Conquest, Stuart C"]
[Black "Polgar, Zsusza"]
[Result "0-1"]
[WhiteElo "2515"]
[BlackElo "2520"]
[PlyCount "96"]
[EventDate "1989.11.13"]
[EventType "team-schev (rapid)"]
[EventRounds "6"]
[EventCountry "ENG"]
[SourceTitle "BritBase"]
[Source "John Saunders"]
[SourceDate "2025.07.03"]
[SourceVersion "1"]
[SourceVersionDate "2025.07.03"]
[SourceQuality "1"]

1. d4 d5 2. c4 dxc4 3. Nf3 c5 4. d5 e6 5. Nc3 Nf6 6. e4 exd5 7. e5 Nfd7 8. Bg5 Be7 9. Bxe7 Qxe7 10. Nxd5 Qd8 11. Bxc4 Nc6 12. O-O O-O 13. Re1 Nb6 14. Nxb6 axb6 15. h3 Qe7 16. Qc2 Be6 17. a3 h6 18. Rad1 Rfd8 19. Bxe6 Qxe6 20. Rd3 Rxd3 21. Qxd3 Rd8 22. Qe4 b5 23. Kh2 c4 24. Qh4 Re8 25. Nd4 Qd5 26. Nf3 b4 27. Re3 c3 28. bxc3 bxa3 29. Qa4 Qa5 30. Qxa5 Nxa5 31. Re4 b5 32. Re2 Nb3 33. Ra2 Ra8 34. Kg3 Nc1 35. Ra1 Ne2+ 36. Kh2 Nxc3 37. Nd4 b4 38. f4 a2 39. f5 Rd8 40. Nb3 Rd5 41. e6 fxe6 42. fxe6 Re5 43. Kg3 Rxe6 44. Kf3 Ra6 45. Ke3 Ra3 46. Nd2 b3 47. Nc4 Ra8 48. Nb2 Na4 {Source: BCF Newsletter, Bonus Supplement, Mid-November 1989. Contributed by Andy Ansel, 13 September 2025.} 0-1

[Event "Young England v Polgars 30m"]
[Site "London, Barbican"]
[Date "1989.11.12"]
[Round "2"]
[White "Polgar, Judit"]
[Black "Adams, Michael"]
[Result "0-1"]
[WhiteElo "2555"]
[BlackElo "2505"]
[PlyCount "94"]
[EventDate "1989.11.13"]
[EventType "team-schev (rapid)"]
[EventRounds "6"]
[EventCountry "ENG"]
[SourceTitle "BritBase"]
[Source "John Saunders"]
[SourceDate "2025.07.03"]
[SourceVersion "1"]
[SourceVersionDate "2025.07.03"]
[SourceQuality "1"]

1. e4 d5 2. exd5 Nf6 3. c4 c6 4. d4 cxd5 5. Nc3 e6 6. Nf3 Be7 7. cxd5 Nxd5 8. Bd3 Nc6 9. O-O O-O 10. Re1 Bf6 11. Be4 Qd6 12. a3 Bd7 13. Qd3 h6 14. Bxd5 exd5 15. Nb5 Qb8 16. g3 Qc8 17. Bf4 Bf5 18. Qb3 Qd7 19. Be5 Be7 20. Nc7 Rad8 21. Rac1 Na5 22. Qb5 Nc4 23. Qxd7 Rxd7 24. Nxd5 Nxb2 25. Nxe7+ Rxe7 26. Bd6 Rxe1+ 27. Rxe1 Rd8 28. Bb4 Nd3 29. Re7 Nxb4 30. axb4 Kf8 31. Rc7 Rc8 32. Rc5 Be6 33. Ne5 f6 34. Rxc8+ Bxc8 35. Nc4 Ke7 36. Kf1 b6 37. b5 Bd7 38. Na3 Kd6 39. Ke2 Kd5 40. Ke3 Bf5 41. Kf4 Bh7 42. Ke3 h5 43. h3 Bf5 44. Kf4 Bxh3 45. Nc2 g5+ 46. Ke3 Bd7 47. Nb4+ Kd6 {Sources: CHESS, January 1990, Vol.54/10, p22; BCF Newsletter, Bonus Supplement, Mid-November 1989. Contributed by Andy Ansel, 13 September 2025.} 0-1

[Event "Young England v Polgars 30m"]
[Site "London, Barbican"]
[Date "1989.11.12"]
[Round "2"]
[White "Polgar, Sofia"]
[Black "Norwood, David"]
[Result "0-1"]
[WhiteElo "2335"]
[BlackElo "2485"]
[PlyCount "66"]
[EventDate "1989.11.13"]
[EventType "team-schev (rapid)"]
[EventRounds "6"]
[EventCountry "ENG"]
[SourceTitle "BritBase"]
[Source "John Saunders"]
[SourceDate "2025.07.03"]
[SourceVersion "1"]
[SourceVersionDate "2025.07.03"]
[SourceQuality "1"]

1. e4 g6 2. d4 Bg7 3. Nc3 c6 4. Be3 d6 5. Qd2 Nd7 6. Bd3 b5 7. f4 Ngf6 8. Nf3 Nb6 9. e5 Nfd5 10. Nxd5 Nxd5 11. Bf2 O-O 12. O-O f6 13. exd6 Qxd6 14. Bg3 Bh6 15. Ng5 Qd8 16. Ne4 e5 17. dxe5 fxe5 18. Rad1 exf4 19. Bf2 Bg4 20. Bxb5 Bxd1 21. Bxc6 Ne3 22. Bxe3 fxe3 23. Rxf8+ Qxf8 24. Qxd1 Rd8 25. Bd5+ Kh8 26. c4 Qf4 27. Qc2 Bg7 28. b4 Bd4 29. Qd3 Qe5 30. Kh1 Rf8 31. g3 g5 32. Kg2 g4 33. a4 Bb6 {Source: BCF Newsletter, Bonus Supplement, Mid-November 1989. Contributed by Andy Ansel, 13 September 2025.} 0-1

[Event "Young England v Polgars 30m"]
[Site "London, Barbican"]
[Date "1989.11.12"]
[Round "3"]
[White "Adams, Michael"]
[Black "Polgar, Sofia"]
[Result "1-0"]
[WhiteElo "2505"]
[BlackElo "2335"]
[PlyCount "117"]
[EventDate "1989.11.13"]
[EventType "team-schev (rapid)"]
[EventRounds "6"]
[EventCountry "ENG"]
[SourceTitle "BritBase"]
[Source "John Saunders"]
[SourceDate "2025.07.03"]
[SourceVersion "1"]
[SourceVersionDate "2025.07.03"]
[SourceQuality "1"]

1. e4 c5 2. Nf3 e6 3. d4 cxd4 4. Nxd4 Nc6 5. Nc3 Qc7 6. f4 a6 7. Nf3 Bc5 8. Bd3 d6 9. Qe2 Nf6 10. Be3 Bxe3 11. Qxe3 b5 12. O-O-O Bb7 13. Kb1 Nd7 14. g4 O-O-O 15. Ng5 Nc5 16. Rhe1 h6 17. Nf3 Kb8 18. h4 Rhe8 19. Qf2 b4 20. Ne2 e5 21. f5 Na5 22. Ng3 d5 23. exd5 Bxd5 24. Bf1 f6 25. Nd2 Na4 26. Nb3 Nc4 27. Bxc4 Bxc4 28. Ne4 Rxd1+ 29. Rxd1 Rd8 30. Rxd8+ Qxd8 31. Kc1 Qd5 32. Qe1 a5 33. g5 hxg5 34. hxg5 Bxb3 35. axb3 Nc5 36. gxf6 gxf6 37. Nxf6 Nxb3+ 38. cxb3 Qc6+ 39. Kb1 Qxf6 40. Qe4 Kc7 41. Kc2 Qc6+ $4 42. Qxc6+ Kxc6 43. Kd3 Kd5 44. Ke3 e4 45. f6 Ke6 46. Kxe4 Kxf6 47. Kd5 Ke7 48. Kc5 Kd7 49. Kb5 Kc7 50. Kxa5 Kc6 51. Kxb4 Kb6 52. Kc4 Kc6 53. b4 Kb6 54. b5 Kc7 55. Kc5 Kb7 56. b6 Kb8 57. Kc6 Kc8 58. b7+ Kb8 59. b3 {Source: BCF Newsletter, Bonus Supplement, Mid-November 1989. Contributed by Andy Ansel, 13 September 2025.} 1-0

[Event "Young England v Polgars 30m"]
[Site "London, Barbican"]
[Date "1989.11.12"]
[Round "3"]
[White "Norwood, David"]
[Black "Polgar, Zsusza"]
[Result "0-1"]
[WhiteElo "2485"]
[BlackElo "2520"]
[PlyCount "106"]
[EventDate "1989.11.13"]
[EventType "team-schev (rapid)"]
[EventRounds "6"]
[EventCountry "ENG"]
[SourceTitle "BritBase"]
[Source "John Saunders"]
[SourceDate "2025.07.03"]
[SourceVersion "1"]
[SourceVersionDate "2025.07.03"]
[SourceQuality "1"]

1. Nf3 f5 2. d4 Nf6 3. Bf4 g6 4. h3 d6 5. e3 Bg7 6. Bc4 c6 7. Nbd2 h6 8. c3 g5 9. Bh2 e6 10. Qc2 Qe7 11. O-O-O d5 12. Bd3 Nbd7 13. Ne5 Nxe5 14. Bxe5 Bd7 15. f3 c5 16. dxc5 Qxc5 17. g4 O-O-O 18. gxf5 exf5 19. Bxf5 Qxe3 20. Rhe1 Qb6 21. Bd4 Qd6 22. Be5 Bxf5 23. Qxf5+ Qd7 24. Qg6 Rhf8 25. Nb3 Qf7 26. Qf5+ Nd7 27. Qxf7 Rxf7 28. Bxg7 Rxg7 29. Rxd5 Nb6 30. Rf5 Rgd7 31. Nd4 Nd5 32. Re6 h5 33. Rxg5 Nf4 34. Re4 Rf7 35. Rc5+ Kb8 36. Rxf4 Rxf4 37. Ne6 Rdf8 38. Rxh5 $2 R4f5 39. Rh7 Rg8 40. Nd4 Rf6 41. Kc2 Rg2+ 42. Kb1 Rb6 43. Nb3 Re6 44. a4 Ree2 45. Ka2 Rxb2+ 46. Ka3 Rb1 47. Nd4 a6 48. a5 Rg5 49. Ka4 Rc5 50. Ne6 Rcb5 51. Rh8+ Ka7 52. Ra8+ Kxa8 53. Nc7+ Ka7 {Sources: CHESS, January 1990, Vol.54/10, p23; BCF Newsletter, Bonus Supplement, Mid-November 1989. Contributed by Andy Ansel, 13 September 2025.} 0-1

[Event "Young England v Polgars 30m"]
[Site "London, Barbican"]
[Date "1989.11.12"]
[Round "3"]
[White "Polgar, Judit"]
[Black "Conquest, Stuart C"]
[Result "0-1"]
[WhiteElo "2555"]
[BlackElo "2515"]
[PlyCount "120"]
[EventDate "1989.11.13"]
[EventType "team-schev (rapid)"]
[EventRounds "6"]
[EventCountry "ENG"]
[SourceTitle "BritBase"]
[Source "John Saunders"]
[SourceDate "2025.07.03"]
[SourceVersion "1"]
[SourceVersionDate "2025.07.03"]
[SourceQuality "1"]

1. e4 e5 2. Nf3 Nc6 3. Bb5 a6 4. Ba4 Nf6 5. O-O Be7 6. Re1 b5 7. Bb3 d6 8. c3 O-O 9. h3 Be6 10. d4 Bxb3 11. Qxb3 d5 12. exd5 Na5 13. Qc2 exd4 14. cxd4 Nxd5 15. Nc3 c6 16. Ne4 Rc8 17. Nc5 Bxc5 18. Ng5 Nf6 19. dxc5 Nb7 20. Bf4 Qd4 21. Be3 Qh4 22. Nf3 Qh5 23. Bd4 Nd5 24. Re4 f6 25. Rae1 Rce8 26. Qe2 Nc7 27. Qc2 Nd8 28. b4 Rxe4 29. Rxe4 Re8 30. Rg4 Nd5 31. Bb2 Nf7 32. Kh2 Nh6 33. Rh4 Qg6 34. Qd2 Nf5 35. Rg4 Qf7 36. Qd3 Qc7+ 37. g3 Qd7 38. Nh4 h5 39. Re4 Rxe4 40. Qxe4 Nxh4 41. Qxh4 Qf5 42. Kg2 Qc2 43. Bd4 g5 44. Qxh5 Qe4+ 45. Kh2 Qxd4 46. Qe8+ Kg7 47. Kg2 Qxb4 48. Qxc6 Qe4+ 49. Kh2 Qf3 50. Kg1 Qf5 51. Qb7+ Kg6 52. Qb8 Qe6 53. Kh2 Nb4 54. Qd8 Nc6 55. Qd2 Ne5 56. Qc3 Qd5 57. h4 Nf3+ 58. Kh3 g4+ 59. Kg2 Nxh4+ 60. Kf1 Qd1+ {Source: BCF Newsletter, Bonus Supplement, Mid-November 1989. Contributed by Andy Ansel, 13 September 2025.} 0-1

[Event "Young England v Polgars 30m"]
[Site "London, Barbican"]
[Date "1989.11.12"]
[Round "4"]
[White "Polgar, Judit"]
[Black "Norwood, David"]
[Result "0-1"]
[WhiteElo "2555"]
[BlackElo "2485"]
[PlyCount "88"]
[EventDate "1989.11.13"]
[EventType "team-schev (rapid)"]
[EventRounds "6"]
[EventCountry "ENG"]
[SourceTitle "BritBase"]
[Source "John Saunders"]
[SourceDate "2025.07.03"]
[SourceVersion "1"]
[SourceVersionDate "2025.07.03"]
[SourceQuality "1"]

1. e4 g6 2. d4 Bg7 3. Nc3 c6 4. Be3 d6 5. Qd2 Nd7 6. f3 b5 7. h4 h5 8. Bd3 Ngf6 9. Nge2 Nb6 10. b3 a5 11. Nd1 a4 12. O-O O-O 13. Bh6 e5 14. dxe5 dxe5 15. Bxg7 Kxg7 16. Ne3 Qe7 17. Qc3 Bd7 18. Rf2 b4 19. Qd2 axb3 20. cxb3 Rfd8 21. Qb2 Qc5 22. Nc4 Nxc4 23. Bxc4 Ra5 24. Nc1 Bc8 25. Nd3 Qe7 26. Qd2 c5 27. Qg5 Re8 28. Re1 Nh7 29. Qe3 Qxh4 30. Nxc5 Qg3 31. Nd3 Ng5 32. Kf1 h4 33. Nxb4 h3 34. gxh3 Bxh3+ 35. Ke2 Rb8 36. Nc2 Rxa2 37. Kd2 Be6 38. Rff1 Bxc4 39. bxc4 Rbb2 40. Rc1 Ne6 41. Kc3 Qh4 42. f4 exf4 43. Qe2 Qg3+ 44. Rf3 Rxc2+ {Source: BCF Newsletter, Bonus Supplement, Mid-November 1989. Contributed by Andy Ansel, 13 September 2025.} 0-1

[Event "Young England v Polgars 30m"]
[Site "London, Barbican"]
[Date "1989.11.12"]
[Round "4"]
[White "Polgar, Sofia"]
[Black "Conquest, Stuart C"]
[Result "1-0"]
[WhiteElo "2335"]
[BlackElo "2515"]
[PlyCount "85"]
[EventDate "1989.11.13"]
[EventType "team-schev (rapid)"]
[EventRounds "6"]
[EventCountry "ENG"]
[SourceTitle "BritBase"]
[Source "John Saunders"]
[SourceDate "2025.07.03"]
[SourceVersion "1"]
[SourceVersionDate "2025.07.03"]
[SourceQuality "1"]

1. e4 e5 2. Nf3 Nc6 3. Bb5 a6 4. Ba4 Nf6 5. O-O Nxe4 6. d4 b5 7. Bb3 d5 8. dxe5 Be6 9. c3 Bc5 10. Nbd2 O-O 11. Bc2 Bf5 12. Nb3 Bg6 13. Nfd4 Bxd4 14. Nxd4 Qd7 15. Nxc6 Qxc6 16. Be3 Rfe8 17. f4 Nxc3 18. bxc3 Qxc3 19. f5 Qxe3+ 20. Kh1 Rxe5 21. fxg6 hxg6 22. Bb3 Rd8 23. Rf3 Qg5 24. Qc2 Qe7 25. Qc6 Re6 26. Qb7 Qc5 27. Raf1 Rb6 28. Qa7 f5 29. Rd3 Kf8 30. Rfd1 d4 31. Rh3 Ke7 32. Rg3 Kf6 33. h3 Qc6 34. Re1 Ra8 35. Re6+ Qxe6 36. Qxa8 Qe1+ 37. Kh2 Qe7 38. Qh8 g5 39. Qh5 Ke5 40. Rxg5 Rf6 41. Qf3 c5 42. Qg3+ Ke4 43. Qe1+ {Source: BCF Newsletter, Bonus Supplement, Mid-November 1989. Contributed by Andy Ansel, 13 September 2025.} 1-0

[Event "Young England v Polgars 30m"]
[Site "London, Barbican"]
[Date "1989.11.13"]
[Round "5"]
[White "Adams, Michael"]
[Black "Polgar, Judit"]
[Result "0-1"]
[WhiteElo "2505"]
[BlackElo "2555"]
[PlyCount "115"]
[EventDate "1989.11.13"]
[EventType "team-schev (rapid)"]
[EventRounds "6"]
[EventCountry "ENG"]
[SourceTitle "BritBase"]
[Source "John Saunders"]
[SourceDate "2025.07.03"]
[SourceVersion "1"]
[SourceVersionDate "2025.07.03"]
[SourceQuality "1"]

1. e4 c5 2. Nf3 e6 3. d4 cxd4 4. Nxd4 Nc6 5. Nc3 Qc7 6. g3 d6 7. Bg2 Nf6 8. O-O Be7 9. Ncb5 Qd7 10. c4 O-O 11. Be3 Rd8 12. Qe2 Rb8 13. Rfd1 Qe8 14. Rac1 Bd7 15. Nxc6 Bxc6 16. Bxa7 Rbc8 17. Bb6 Rd7 18. Nc3 Bd8 19. Be3 Ba5 20. Bg5 Bd8 21. a3 $4 (21. Bf4 $18) 21... Nxe4 $1 $11 22. Nxe4 Bxe4 23. Bxd8 Bxg2 24. Bf6 Bh3 25. Bc3 Rdc7 26. Qh5 Bf5 27. Qg5 f6 28. Qe3 Rxc4 29. Rxd6 R4c6 30. Rd2 e5 31. Rcd1 Bg4 32. f3 Be6 33. Kg2 Qh5 34. Rd8+ Rxd8 35. Rxd8+ Kf7 36. Qa7 Bh3+ 37. Kf2 Bc8 38. h4 Qf5 39. Qe3 Bd7 40. g4 Qe6 41. h5 e4 42. Bb4 Be8 43. Rd2 exf3 44. Qxe6+ Rxe6 45. Kxf3 Bc6+ 46. Kg3 Re3+ 47. Kh4 g5+ 48. hxg6+ hxg6 49. g5 f5 50. Bd6 Bb5 51. Bg3 Re4+ 52. Kh3 Rg4 53. Rd6 Rxg5 54. Be5 Rg4 55. Rf6+ Ke7 56. Rb6 Bc6 57. b4 g5 58. b5 {and Black won. Source: BCF Newsletter, Bonus Supplement, Mid-November 1989. Contributed by Andy Ansel, 13 September 2025.} 0-1

[Event "Young England v Polgars 30m"]
[Site "London, Barbican"]
[Date "1989.11.13"]
[Round "5"]
[White "Norwood, David"]
[Black "Polgar, Sofia"]
[Result "0-1"]
[WhiteElo "2485"]
[BlackElo "2335"]
[PlyCount "120"]
[EventDate "1989.11.13"]
[EventType "team-schev (rapid)"]
[EventRounds "6"]
[EventCountry "ENG"]
[SourceTitle "BritBase"]
[Source "John Saunders"]
[SourceDate "2025.07.03"]
[SourceVersion "1"]
[SourceVersionDate "2025.07.03"]
[SourceQuality "1"]

1. g3 c5 2. Bg2 Nc6 3. Nf3 g6 4. O-O Bg7 5. d3 e5 6. e4 Nge7 7. Nc3 d6 8. Be3 O-O 9. Qd2 f5 10. Bg5 Be6 11. Nd5 Qd7 12. c4 Rab8 13. Bxe7 Nxe7 14. Ng5 Kh8 15. Nxe6 Qxe6 16. b4 f4 17. Nxe7 Qxe7 18. Bh3 h5 19. f3 Bh6 20. Kg2 Kh7 21. Qc3 fxg3 22. hxg3 Be3 23. Rab1 Qg5 24. Qe1 Bd2 25. Qf2 cxb4 26. Kh1 Rf7 27. f4 exf4 28. Qxd2 Qxg3 29. Qg2 Qh4 30. Qh2 f3 31. Be6 Qxh2+ 32. Kxh2 Rf6 33. Bd5 g5 34. Rxb4 g4 35. Kg3 Kh6 36. e5 dxe5 37. Rxb7 Rxb7 38. Bxb7 Kg5 39. Bxf3 h4+ 40. Kg2 gxf3+ 41. Rxf3 Ra6 42. Rf2 Ra3 43. Re2 Kf4 44. Re4+ Kf5 45. Rxh4 Rxd3 46. a4 Ra3 47. c5 Rc3 48. Rh7 a5 49. Rc7 Ke4 50. Kf2 Kd4 51. c6 Rc2+ 52. Ke1 Ke3 53. Kd1 Rc4 54. Re7 e4 55. c7 Rc6 56. Rd7 Rc4 57. Re7 Kd3 58. Rd7+ Kc3 59. Re7 Kb3 60. Rxe4 Rxc7 {"and somehow Black eventually won." Source: BCF Newsletter, Bonus Supplement, Mid-November 1989. Contributed by Andy Ansel, 13 September 2025.} 0-1

[Event "Young England v Polgars 30m"]
[Site "London, Barbican"]
[Date "1989.11.13"]
[Round "5"]
[White "Polgar, Zsusza"]
[Black "Conquest, Stuart C"]
[Result "1/2-1/2"]
[WhiteElo "2520"]
[BlackElo "2515"]
[PlyCount "60"]
[EventDate "1989.11.13"]
[EventType "team-schev (rapid)"]
[EventRounds "6"]
[EventCountry "ENG"]
[SourceTitle "BritBase"]
[Source "John Saunders"]
[SourceDate "2025.07.03"]
[SourceVersion "1"]
[SourceVersionDate "2025.07.03"]
[SourceQuality "1"]

1. d4 f5 2. c4 Nf6 3. Nc3 e6 4. Nf3 Bb4 5. Bd2 O-O 6. e3 b6 7. Bd3 Bb7 8. d5 Na6 9. a3 Nc5 10. Bb1 Bxc3 11. Bxc3 a5 12. O-O a4 13. Ba2 Nfe4 14. Qc2 Qe8 15. Rad1 Kh8 16. Nd4 exd5 17. cxd5 Ba6 18. Rfe1 Qh5 19. f3 Nxc3 20. Qxc3 Rf6 21. Bb1 Raf8 22. Rd2 Rh6 23. g3 Qh3 24. Red1 Rhf6 25. Rf2 Qh5 26. Rdd2 h6 27. Ba2 Rd6 28. b4 axb3 29. Nxb3 Nxb3 30. Bxb3 Qg6 {"and eventually drawn." Source: BCF Newsletter, Bonus Supplement, Mid-November 1989. Contributed by Andy Ansel, 13 September 2025.} 1/2-1/2

[Event "Young England v Polgars 30m"]
[Site "London, Barbican"]
[Date "1989.11.13"]
[Round "6"]
[White "Conquest, Stuart C"]
[Black "Polgar, Judit"]
[Result "0-1"]
[WhiteElo "2515"]
[BlackElo "2555"]
[PlyCount "114"]
[EventDate "1989.11.13"]
[EventType "team-schev (rapid)"]
[EventRounds "6"]
[EventCountry "ENG"]
[SourceTitle "BritBase"]
[Source "John Saunders"]
[SourceDate "2025.07.03"]
[SourceVersion "1"]
[SourceVersionDate "2025.07.03"]
[SourceQuality "1"]

1. e4 c5 2. Nf3 e6 3. c3 d5 4. exd5 Qxd5 5. d4 Nf6 6. Bd3 Be7 7. O-O O-O 8. Be3 b6 9. c4 Qd8 10. Nc3 Bb7 11. Qe2 Nbd7 12. Rad1 Qc7 13. Rfe1 Rad8 14. h3 a6 15. Bb1 cxd4 16. Nxd4 Rc8 17. Rc1 Rfd8 18. a3 Ba8 19. Bg5 Nc5 20. Nf3 h6 21. Bh4 Nb3 22. Rcd1 Bxf3 23. Qxf3 Nd2 24. Qe2 Qxc4 25. Bxf6 Bxf6 26. Rxd2 Rxd2 27. Qxd2 Bxc3 28. bxc3 Qxc3 29. Qxc3 Rxc3 30. a4 Rc4 31. a5 b5 32. Bd3 Ra4 33. Rc1 Kf8 34. Rc7 Rxa5 35. Ra7 g6 36. Kf1 Kg7 37. Ke2 Kf6 38. Ke3 g5 39. g4 Ra3 40. Ke4 Ra4+ 41. Ke3 Ra3 42. Kd4 Ra4+ 43. Ke3 e5 44. Rb7 Ra3 45. Rb6+ Kg7 46. Ke4 Ra2 47. f3 Ra3 48. Rc6 Ra4+ 49. Kxe5 Ra3 50. Rd6 a5 51. Bxb5 Re3+ 52. Kd4 Rxf3 53. Ra6 Rxh3 54. Rxa5 Rh4 55. Bd7 Rh1 56. Rf5 $4 Rd1+ 57. Ke3 Rxd7 {"and Black won." Source: BCF Newsletter, Bonus Supplement, Mid-November 1989. Contributed by Andy Ansel, 13 September 2025.} 0-1

[Event "Young England v Polgars 30m"]
[Site "London, Barbican"]
[Date "1989.11.13"]
[Round "6"]
[White "Polgar, Sofia"]
[Black "Adams, Michael"]
[Result "0-1"]
[WhiteElo "2335"]
[BlackElo "2505"]
[PlyCount "40"]
[EventDate "1989.11.13"]
[EventType "team-schev (rapid)"]
[EventRounds "6"]
[EventCountry "ENG"]
[SourceTitle "BritBase"]
[Source "John Saunders"]
[SourceDate "2025.07.03"]
[SourceVersion "1"]
[SourceVersionDate "2025.07.03"]
[SourceQuality "1"]

1. e4 d6 2. d4 Nf6 3. Nc3 c6 4. f4 Qa5 5. Bd3 e5 6. dxe5 dxe5 7. Nf3 Bg4 8. fxe5 Nfd7 9. e6 Bxe6 10. Ng5 Nc5 11. O-O Nbd7 12. Qh5 g6 13. Qf3 O-O-O 14. Nxf7 Bxf7 15. Qxf7 Nxd3 16. cxd3 Bc5+ 17. d4 Bxd4+ 18. Kh1 Rhf8 19. Qc4 Bxc3 20. Rxf8 Rxf8 {Source: BCF Newsletter, Bonus Supplement, Mid-November 1989. Contributed by Andy Ansel, 13 September 2025.} 0-1

[Event "Young England v Polgars 30m"]
[Site "London, Barbican"]
[Date "1989.11.13"]
[Round "6"]
[White "Polgar, Zsusza"]
[Black "Norwood, David"]
[Result "1-0"]
[WhiteElo "2520"]
[BlackElo "2485"]
[PlyCount "69"]
[EventDate "1989.11.13"]
[EventType "team-schev (rapid)"]
[EventRounds "6"]
[EventCountry "ENG"]
[SourceTitle "BritBase"]
[Source "John Saunders"]
[SourceDate "2025.07.03"]
[SourceVersion "1"]
[SourceVersionDate "2025.07.03"]
[SourceQuality "1"]

1. d4 g6 2. c4 Bg7 3. Nc3 c5 4. d5 d6 5. e4 Nf6 6. Bd3 O-O 7. h3 e6 8. Nf3 exd5 9. cxd5 a6 10. a4 Nbd7 11. O-O Re8 12. Bf4 c4 13. Bc2 Nc5 14. Re1 Qb6 15. a5 Qxb2 16. Re2 Qxc3 17. Bd2 Qb3 18. Bxb3 cxb3 19. Ra3 Nfxe4 20. Rxb3 Nxb3 21. Qxb3 Bf5 22. Bf4 Bc3 23. Re3 Bxa5 24. g4 Bd7 25. Qxb7 Nc5 26. Qb2 Rxe3 27. Bxe3 Ne4 28. Bh6 Bc3 29. Qb7 Rd8 30. Qxa6 f5 31. Ng5 Be5 32. Qa7 Nc5 33. Ne6 Nxe6 34. dxe6 Be8 35. Qe7 {Source: BCF Newsletter, Bonus Supplement, Mid-November 1989. Contributed by Andy Ansel, 13 September 2025.} 1-0